| 000 | 00889nam a22001937a 4500 | ||
|---|---|---|---|
| 008 | 100714s1982 xxu||||| |||| 00| 0 ara d | ||
| 082 |
_222 _a297.29 _bهـ و ي |
||
| 100 | 1 |
_98613 _aهويدي، فهمي |
|
| 245 |
_aالقرآن والسلطان : _bهموم إسلامية معاصرة / _cفهمي هويدى |
||
| 250 | _aط2. | ||
| 260 |
_aالقاهرة : _bدار الشروق ، _c1982. |
||
| 300 |
_a244 ص ؛ _c24 سم. |
||
| 504 | _aيشتمل على إرجاعات ببليوجرافية | ||
| 541 |
_aدكتور علاء عبد الغني ؛ _cإهداء ؛ |
||
| 650 |
_913667 _aالإسلام |
||
| 650 |
_914347 _aالإسلام _xدفع مطاعن |
||
| 942 |
_2ddc _cBB |
||
| 999 |
_c14477 _d14477 |
||